=LDR 00000nam 2200000 4500 =001 INLIS000000000017379 =005 20130612112600 =008 ***********************************Ind** =035 ##$$0010-061300000017379 =041 ##$$a Ind =082 ##$$a 612.015 =090 ##$$a 612.015, Mar b =100 ##$$a Marks, Dawn B =245 ##$$a Biokimia kedokteran dasar, sebuah pendekatan klinis, Dawn B. Marks ; Allan D Marks ; Colleen M. Smith ; alih bahasa, Brahm U. Pendit =260 ##$$a 2000 $b Jakara =300 ##$$a ix, 770 hlm, 30 cm =650 ##$$a Biokimia-Kedokteran =700 ##$$a Marks, Allan D =850 ##$$a NBPNMAT